000 00730cab a22002295a 4500
001 L159040
008 130731e2015 xxk 000 0 eng d
035 _a(Sirsi) u159040
041 0 _aeng
100 1 _aGardiner, Joey
245 0 0 _aBringing it all back home
490 _aBuilding
_v(281) 09 October 2015, 30-32(3)
520 _aDiscusses whether the subcontracting model has had its day as some main contractors take delivery expertise back in house in the hope it will reassure clients that he job will be completed.
590 _aKA
650 2 4 _aDELIVERY
650 2 4 _aM&E
650 2 4 _aSUBCONTRACTING
651 4 _aUnited Kingdom
690 _aBusiness and management
690 _aCONSTRUCTION
942 _n0
999 _c84786
_d84786